000 00301nam a22001337a 4500
008 210303b ||||| |||| 00| 0 eng d
020 _a9780873375344
041 _aeng
080 _24th
_a33
100 _a59
101 _aBIZ
245 _aTax Savvy for Small Business
_cDaily,W.F
942 _2udc
_cBK
999 _c55566
_d55566